[Event "Festival EFE 2019"]
[Site "Metz"]
[Date "2019.07.24"]
[Round "1.1"]
[White "Huesmann, Thomas"]
[Black "Ortega, François"]
[Result "1-0"]
[WhiteElo "2143"]
[BlackElo "2215"]
[PlyCount "63"]
[EventDate "2019.07.24"]
[EventRounds "1"]
[EventCountry "FRA"]
[SourceDate "2019.07.24"]

1. e4 d5 2. exd5 Qxd5 3. Nc3 Qd6 4. d4 Nf6 5. g3 c6 6. Bf4 Qb4 7. a3 Qa5 8. b4
Qd8 9. Bg2 Bg4 10. Nge2 e6 11. O-O Nd5 12. Nxd5 exd5 13. h3 Bc8 14. Qd3 Bd6 15.
c4 dxc4 16. Qxc4 O-O 17. Rad1 Bxf4 18. Nxf4 Nd7 19. d5 Nb6 20. Qc5 cxd5 21.
Nxd5 Nxd5 22. Rxd5 Qb6 23. Rd6 Qxc5 24. bxc5 Rb8 25. Rb1 Re8 26. c6 b5 27. c7
Rb6 28. Rxb6 axb6 29. Rxb5 Re6 30. Rd5 Kf8 31. Rd8+ Re8 32. Bc6 1-0

[Event "Festival EFE 2019"]
[Site "Metz"]
[Date "2019.07.24"]
[Round "1.2"]
[White "Adrian, Claude"]
[Black "Dutreuil, Raphaël"]
[Result "1/2-1/2"]
[WhiteElo "2261"]
[BlackElo "2302"]
[PlyCount "70"]
[EventDate "2019.07.24"]
[EventRounds "1"]
[EventCountry "FRA"]
[SourceDate "2019.07.24"]

1. c4 g6 2. Nf3 c5 3. d4 cxd4 4. Nxd4 Nc6 5. e4 Nf6 6. Nc3 d6 7. Nc2 Bg7 8. Be2
O-O 9. O-O a6 10. b3 Rb8 11. Rb1 b5 12. cxb5 axb5 13. b4 Be6 14. Bg5 Qd7 15.
Qd2 Rfc8 16. Rfc1 Ne5 17. Bxf6 Bxf6 18. Ne3 Bg5 19. g3 Bxe3 20. Qxe3 Nc4 21.
Bxc4 Rxc4 22. Nd5 Bxd5 23. exd5 Rbc8 24. Rxc4 Rxc4 25. a3 Qf5 26. Re1 Rc2 27.
Re2 Rc7 28. Qd2 h5 29. h4 Qb1+ 30. Re1 Qf5 31. Re2 {=} Ra7 32. Re3 Qb1+ 33. Re1
Qb3 34. Re3 Qb1+ 35. Re1 Qb3 1/2-1/2

[Event "Festival EFE 2019"]
[Site "Metz"]
[Date "2019.07.24"]
[Round "1.3"]
[White "Pirverdiyev, Agil"]
[Black "Douriet Duany, Alexis"]
[Result "1/2-1/2"]
[WhiteElo "2406"]
[BlackElo "2247"]
[PlyCount "100"]
[EventDate "2019.07.24"]
[EventRounds "1"]
[EventCountry "FRA"]
[SourceDate "2019.07.24"]

1. e4 g6 2. d4 Bg7 3. Nc3 d6 4. Nf3 a6 5. Be3 b5 6. Bd3 Nd7 7. a4 b4 8. Ne2
Ngf6 9. O-O e5 10. dxe5 dxe5 11. a5 O-O 12. Nc1 Bb7 13. Nd2 Nh5 14. Bc4 Qe7 15.
Nd3 Nf4 16. Ra2 Ne6 17. Bxe6 Qxe6 18. Ra4 f5 19. Rxb4 Bc6 20. f3 Bb5 21. Rb3
Rfd8 22. Rc3 Nf6 23. Kh1 Bf8 24. Re1 f4 25. Bf2 Bxd3 26. Rxd3 Rxd3 27. cxd3 Rb8
28. Nc4 Bb4 29. Rf1 c5 30. Qa1 g5 31. b3 Nd7 32. g4 Kf7 33. Kg2 h5 34. h3 h4
35. Rc1 Rb5 36. Kf1 Kf6 37. Rd1 Kg6 38. Ke2 Kf7 39. Rc1 Kf6 40. Rd1 Kf7 41. Kf1
Kg6 42. Kg2 Kf7 43. Kf1 Kg6 44. Rc1 Kf6 45. Rd1 Kf7 46. Bg1 Kg8 47. Kg2 Kf7 48.
Kf1 Kg6 49. Ke2 Kf7 50. Bf2 Kg6 1/2-1/2

[Event "Festival EFE 2019"]
[Site "Metz"]
[Date "2019.07.24"]
[Round "1.4"]
[White "Le Goff, Ronan"]
[Black "Briet, Antoine"]
[Result "1-0"]
[WhiteElo "2281"]
[BlackElo "2143"]
[PlyCount "37"]
[EventDate "2019.07.24"]
[EventRounds "1"]
[EventCountry "FRA"]
[SourceDate "2019.07.24"]

1. d4 Nf6 2. Bf4 Ne4 3. Bg3 c5 4. dxc5 Qa5+ 5. c3 Qxc5 6. Nd2 Nf6 7. e4 d6 8.
Ngf3 Nc6 9. Bc4 b5 10. Bd3 g6 11. a4 b4 12. Rc1 Bd7 13. O-O Bg7 14. cxb4 Qxb4
15. Bb5 Nd4 16. e5 dxe5 17. Rc4 Qa5 18. Nxd4 exd4 19. Bc7 1-0

[Event "Festival EFE 2019"]
[Site "Metz"]
[Date "2019.07.24"]
[Round "1.5"]
[White "Quesada Vera, Liordis"]
[Black "Bedouin, Xavier"]
[Result "1-0"]
[WhiteElo "2386"]
[BlackElo "2326"]
[PlyCount "63"]
[EventDate "2019.07.24"]
[EventRounds "1"]
[EventCountry "FRA"]
[SourceDate "2019.07.24"]

1. Nf3 d5 2. g3 Nf6 3. Bg2 e6 4. O-O Be7 5. b3 O-O 6. Bb2 b6 7. c4 Bb7 8. e3
Nbd7 9. Qc2 c5 10. Nc3 Rc8 11. Rac1 Qc7 12. Rfd1 Rfd8 13. d3 a6 14. Qe2 Qb8 15.
cxd5 Nxd5 16. Nxd5 Bxd5 17. Rc2 Qa8 18. Rdc1 Bf6 19. Bxf6 Nxf6 20. e4 Bc6 21.
Ne5 Rd4 22. Qe3 Bb7 23. Nc4 Nd7 24. b4 h6 25. Bf1 Rd8 26. bxc5 bxc5 27. Na5 Ra4
28. Nb3 c4 29. dxc4 Bxe4 30. Rd2 Nf6 31. Rxd8+ Qxd8 32. Nc5 1-0

[Event "Festival EFE 2019"]
[Site "Metz"]
[Date "2019.07.24"]
[Round "2.1"]
[White "Dutreuil, Raphaël"]
[Black "Pirverdiyev, Agil"]
[Result "1/2-1/2"]
[WhiteElo "2302"]
[BlackElo "2406"]
[PlyCount "54"]
[EventDate "2019.07.24"]
[EventRounds "1"]
[EventCountry "FRA"]
[SourceDate "2019.07.24"]

1. Nf3 d5 2. g3 Nf6 3. Bg2 Bf5 4. O-O e6 5. d3 h6 6. c4 c6 7. Nbd2 Bh7 8. b3
Bd6 9. Bb2 O-O 10. a3 a5 11. Ra2 Nbd7 12. Qa1 e5 13. cxd5 cxd5 14. Nxe5 Nxe5
15. Bxe5 Bxe5 16. Qxe5 Re8 17. Qd4 Rxe2 18. Bf3 Re8 19. Rc1 Qd6 20. Nf1 Rac8
21. Rxc8 Rxc8 22. Ne3 Rc1+ 23. Kg2 Qc5 24. Qxc5 Rxc5 25. b4 Rb5 26. Be2 axb4
27. axb4 g5 1/2-1/2

[Event "Festival EFE 2019"]
[Site "Metz"]
[Date "2019.07.24"]
[Round "2.2"]
[White "Briet, Antoine"]
[Black "Huesmann, Thomas"]
[Result "1-0"]
[WhiteElo "2219"]
[BlackElo "2143"]
[PlyCount "69"]
[EventDate "2019.07.24"]
[EventRounds "1"]
[EventCountry "FRA"]
[SourceDate "2019.07.24"]

1. e4 e5 2. Nf3 Nc6 3. Bb5 a6 4. Ba4 g6 5. d4 exd4 6. c3 dxc3 7. Nxc3 Bg7 8.
Bg5 f6 9. Bf4 d6 10. Bb3 Nge7 11. Nd4 Ne5 12. h4 h5 13. Ne6 Bxe6 14. Bxe6 c6
15. Be3 Nc8 16. f4 Ng4 17. Bxg4 hxg4 18. Qxg4 Ne7 19. O-O-O Qd7 20. Qxd7+ Kxd7
21. Na4 Nc8 22. Nc5+ Ke7 23. Nxb7 Rh5 24. b4 f5 25. Nxd6 Nxd6 26. Bc5 a5 27.
Rxd6 axb4 28. e5 Kf7 29. Kb1 Rc8 30. g3 g5 31. e6+ Kg8 32. e7 Re8 33. Rd8 Kf7
34. Rxe8 Kxe8 35. Rd1 1-0

[Event "Festival EFE 2019"]
[Site "Metz"]
[Date "2019.07.24"]
[Round "2.3"]
[White "Douriet Duany, Alexis"]
[Black "Le Goff, Ronan"]
[Result "1/2-1/2"]
[WhiteElo "2247"]
[BlackElo "2281"]
[PlyCount "128"]
[EventDate "2019.07.24"]
[EventRounds "1"]
[EventCountry "FRA"]
[SourceDate "2019.07.24"]

1. d4 d5 2. Bg5 h6 3. Bh4 c5 4. e3 Nc6 5. c3 cxd4 6. exd4 Bf5 7. Nd2 Qb6 8. Qb3
e6 9. Qxb6 axb6 10. Ngf3 Bd6 11. Bb5 Nge7 12. Bg3 Bxg3 13. hxg3 O-O 14. O-O Na7
15. Be2 Nec6 16. Rfe1 Nc8 17. Ne5 Rd8 18. g4 Bh7 19. Bb5 N6a7 20. Bf1 Nd6 21.
Bd3 Bxd3 22. Nxd3 Nc6 23. a3 Na5 24. Re2 b5 25. Rae1 Nac4 26. Nf1 Rdc8 27. Ng3
Rc7 28. Nb4 Kf8 29. Kh2 Ne8 30. f4 Rd7 31. f5 exf5 32. gxf5 Nf6 33. Kh3 Nd6 34.
Nd3 Rdd8 35. Nc5 Re8 36. Re5 b6 37. Nd3 Nc4 38. Rxe8+ Rxe8 39. Rxe8+ Kxe8 40.
Nf1 h5 41. Kg3 Ke7 42. Kf4 Ne4 43. Ne3 Nxe3 44. Kxe3 Nd6 45. Kf4 Kf6 46. Nb4
Nxf5 47. Nxd5+ Ke6 48. Nxb6 Nh4 49. g3 Ng2+ 50. Kf3 Ne1+ 51. Ke2 Nc2 52. a4
bxa4 53. Nxa4 g5 54. Nc5+ Kd5 55. Nd3 Na1 56. Kf3 Nc2 57. b3 f6 58. Nc1 Na3 59.
Ne2 f5 60. c4+ Kd6 61. Nc3 Nc2 62. Nb5+ Ke6 63. Nc7+ Kd7 64. Nb5 Ke6 1/2-1/2

[Event "Festival EFE 2019"]
[Site "Metz"]
[Date "2019.07.24"]
[Round "2.4"]
[White "Bedouin, Xavier"]
[Black "Ortega, François"]
[Result "1/2-1/2"]
[WhiteElo "2326"]
[BlackElo "2215"]
[PlyCount "94"]
[EventDate "2019.07.24"]
[EventRounds "1"]
[EventCountry "FRA"]
[SourceDate "2019.07.24"]

1. e4 d5 2. exd5 Qxd5 3. Nf3 Bg4 4. Be2 Nc6 5. h3 Bh5 6. d4 e5 7. dxe5 Bxf3 8.
Bxf3 Qxe5+ 9. Qe2 Qxe2+ 10. Bxe2 O-O-O 11. O-O Nge7 12. Nd2 Nd5 13. Nf3 f6 14.
Bd2 Bd6 15. g3 Ne5 16. Rfd1 Nxf3+ 17. Bxf3 Be5 18. c3 c6 19. Be1 Kc7 20. Rd3
Nb6 21. Rad1 Rxd3 22. Rxd3 Re8 23. Kf1 Re6 24. Bd1 Rd6 25. Rxd6 Bxd6 26. Bc2 h6
27. Ke2 Nd5 28. b4 b5 29. a4 a6 30. Kd3 c5 31. bxc5 Bxc5 32. Bb3 Kd6 33. c4
bxa4 34. Bxa4 Bb4 35. Bxb4+ Nxb4+ 36. Ke4 Nc6 37. c5+ Kxc5 38. Kf5 Nd4+ 39. Kg6
Ne6 40. h4 Kd6 41. Kf7 f5 42. f4 g5 43. fxg5 Nxg5+ 44. hxg5 hxg5 45. Kf6 f4 46.
gxf4 gxf4 47. Bd1 a5 1/2-1/2

[Event "Festival EFE 2019"]
[Site "Metz"]
[Date "2019.07.24"]
[Round "2.5"]
[White "Quesada Vera, Liordis"]
[Black "Adrian, Claude"]
[Result "1-0"]
[WhiteElo "2386"]
[BlackElo "2261"]
[PlyCount "65"]
[EventDate "2019.07.24"]
[EventRounds "1"]
[EventCountry "FRA"]
[SourceDate "2019.07.24"]

1. d4 d5 2. Nf3 c5 3. g3 Nf6 4. Bg2 e6 5. O-O Nc6 6. b3 Be7 7. Bb2 O-O 8. e3
cxd4 9. Nxd4 Nxd4 10. Qxd4 Ne8 11. e4 dxe4 12. Qxd8 Bxd8 13. Ba3 f5 14. Bxf8
Kxf8 15. Na3 Bf6 16. Rad1 b6 17. Nb5 Ke7 18. f3 a6 19. Nd4 Bb7 20. fxe4 fxe4
21. Ne2 Nd6 22. Nd4 Rc8 23. c4 g6 24. Bh3 Rd8 25. Nxe6 Rd7 26. Nc5 bxc5 27.
Rxf6 Kxf6 28. Bxd7 Ke5 29. Kf2 a5 30. Ke3 a4 31. Rxd6 Kxd6 32. Bxa4 Ke5 33. a3
1-0

[Event "Festival EFE 2019"]
[Site "Metz"]
[Date "2019.07.25"]
[Round "3.1"]
[White "Ortega, François"]
[Black "Briet, Antoine"]
[Result "1/2-1/2"]
[WhiteElo "2215"]
[BlackElo "2219"]
[PlyCount "97"]
[EventDate "2019.07.24"]
[EventRounds "1"]
[EventCountry "FRA"]
[SourceDate "2019.07.24"]

1. e4 c5 2. Nf3 e6 3. g3 d5 4. exd5 exd5 5. Bg2 Nf6 6. O-O Nc6 7. d4 Bg4 8. Be3
cxd4 9. Bxd4 Be7 10. h3 Bf5 11. Nbd2 h6 12. c3 Qd7 13. Kh2 Nxd4 14. Nxd4 Bh7
15. Re1 O-O 16. Qe2 Bc5 17. N2b3 Bb6 18. Rad1 Rfe8 19. Qf1 Qa4 20. Rxe8+ Rxe8
21. Rd2 Qxa2 22. Qb5 Qb1 23. Bxd5 a6 24. Bxf7+ Kxf7 25. Qxb6 Be4 26. f3 Bd5 27.
Rf2 Re1 28. Ne2 Rxe2 29. Rxe2 Bxf3 30. Qe6+ Kg6 31. g4 Qh1+ 32. Kg3 Bxe2 33.
Qxe2 Ne4+ 34. Kf4 Ng5 35. Qd3+ Kf7 36. Qd7+ Kg8 37. Qd8+ Kh7 38. Qd3+ g6 39.
Qd7+ Kg8 40. Qd8+ Kf7 41. Qd7+ Kf6 42. Qd8+ Ke6 43. Nd4+ Kf7 44. Qd7+ Kg8 45.
Qe8+ Kg7 46. Qe7+ Kg8 47. Qd8+ Kg7 48. Qe7+ Kg8 49. Qe8+ 1/2-1/2

[Event "Festival EFE 2019"]
[Site "Metz"]
[Date "2019.07.25"]
[Round "3.3"]
[White "Adrian, Claude"]
[Black "Bedouin, Xavier"]
[Result "1-0"]
[WhiteElo "2261"]
[BlackElo "2326"]
[PlyCount "67"]
[EventDate "2019.07.24"]
[EventRounds "1"]
[EventCountry "FRA"]
[SourceDate "2019.07.24"]

1. Nf3 d5 2. c4 e6 3. g3 Nf6 4. Bg2 Be7 5. d4 O-O 6. O-O dxc4 7. Na3 Bxa3 8.
bxa3 Bd7 9. Ne5 Bc6 10. Nxc6 Nxc6 11. Rb1 Qxd4 12. Rxb7 Nd5 13. Qa4 Nce7 14.
Rd1 Qc5 15. Rb5 Qc6 16. Qa5 c3 17. e4 Nb6 18. Rc5 Qb7 19. Bf4 e5 20. Bxe5 Nc6
21. Qb5 Nxe5 22. Rxe5 c6 23. Qb3 Rad8 24. Rc1 Rd2 25. Rxc3 Qd7 26. Rf5 Qd4 27.
h3 c5 28. Rcf3 c4 29. Qb4 Rd3 30. Rxd3 Qxd3 31. Rc5 h5 32. h4 Nd7 33. Rd5 Rb8
34. Rxd3 1-0

[Event "Festival EFE 2019"]
[Site "Metz"]
[Date "2019.07.25"]
[Round "3.4"]
[White "Pirverdiyev, Agil"]
[Black "Quesada Vera, Liordis"]
[Result "1/2-1/2"]
[WhiteElo "2406"]
[BlackElo "2386"]
[PlyCount "59"]
[EventDate "2019.07.24"]
[EventRounds "1"]
[EventCountry "FRA"]
[SourceDate "2019.07.24"]

1. e4 d6 2. d4 Nf6 3. Nc3 Nbd7 4. Nf3 e5 5. Bc4 Be7 6. O-O O-O 7. Re1 c6 8. a4
exd4 9. Qxd4 Ne5 10. Be2 Nfg4 11. Nxe5 dxe5 12. Qd1 Qxd1 13. Nxd1 Bc5 14. h3
Nf6 15. Bc4 Re8 16. Kf1 Be6 17. Bxe6 Rxe6 18. f3 Rd8 19. Be3 Nd7 20. a5 Rd6 21.
Ke2 f6 22. c3 Bxe3 23. Nxe3 Nc5 24. Nc4 R6d7 25. Red1 Kf8 26. h4 Ke7 27. g3 Nb3
28. Rxd7+ Rxd7 29. Rd1 Rxd1 30. Kxd1 1/2-1/2

[Event "Festival EFE 2019"]
[Site "Metz"]
[Date "2019.07.25"]
[Round "4.1"]
[White "Dutreuil, Raphaël"]
[Black "Huesmann, Thomas"]
[Result "1-0"]
[WhiteElo "2302"]
[BlackElo "2143"]
[PlyCount "59"]
[EventDate "2019.07.24"]
[EventRounds "1"]
[EventCountry "FRA"]
[SourceDate "2019.07.24"]

1. d4 f5 2. g3 Nf6 3. Bg2 g6 4. c3 Bg7 5. Nd2 d5 6. Nh3 c6 7. Nf4 Na6 8. h4 Nc7
9. Nf3 Ng4 10. Nd3 Ne6 11. h5 gxh5 12. Rxh5 Nf8 13. Bf4 Ng6 14. Qd2 Qa5 15.
Nfe5 N6xe5 16. dxe5 Qc7 17. O-O-O Nxe5 18. Qe3 Nxd3+ 19. exd3 Qd7 20. Be5 Rg8
21. Rxh7 Bxe5 22. Qxe5 Qe6 23. Qc7 Qd7 24. Qf4 Qe6 25. Bf3 Qf6 26. Re1 Kd8 27.
Bh5 Rf8 28. Rexe7 Qxe7 29. Rxe7 Kxe7 30. Qb4+ 1-0

[Event "Festival EFE 2019"]
[Site "Metz"]
[Date "2019.07.25"]
[Round "4.2"]
[White "Douriet Duany, Alexis"]
[Black "Ortega, François"]
[Result "0-1"]
[WhiteElo "2247"]
[BlackElo "2215"]
[PlyCount "92"]
[EventDate "2019.07.24"]
[EventRounds "1"]
[EventCountry "FRA"]
[SourceDate "2019.07.24"]

1. d4 d5 2. Bg5 c6 3. Nd2 Bf5 4. Ngf3 h6 5. Bh4 Nd7 6. e3 Ngf6 7. Bd3 Bxd3 8.
cxd3 e6 9. O-O c5 10. dxc5 Bxc5 11. Rb1 O-O 12. b4 Be7 13. Bxf6 Nxf6 14. Qa4
Qd7 15. Qb3 Rfc8 16. Rfc1 Rxc1+ 17. Rxc1 Rc8 18. Rxc8+ Qxc8 19. g3 Qc7 20. Kg2
g6 21. a3 Nd7 22. e4 dxe4 23. dxe4 Bf8 24. Nc4 Bg7 25. Qd3 b5 26. Nd6 a6 27.
Ne8 Qb7 28. Nxg7 Kxg7 29. Qd4+ Kg8 30. Nd2 Qc7 31. Nb3 e5 32. Qd5 Nf6 33. Qa8+
Kg7 34. Nc5 Qd6 35. Nxa6 Qd4 36. Qc6 Nxe4 37. Qc2 Nd2 38. Nc5 Qd5+ 39. Kh3 Nf3
40. Qd3 Ng1+ 41. Kg4 Qg2 42. Ne6+ Kh7 43. Ng5+ hxg5 44. Kxg5 Qxf2 45. h4 Nf3+
46. Kg4 f5+ 0-1

[Event "Festival EFE 2019"]
[Site "Metz"]
[Date "2019.07.25"]
[Round "4.3"]
[White "Bedouin, Xavier"]
[Black "Briet, Antoine"]
[Result "1/2-1/2"]
[WhiteElo "2326"]
[BlackElo "2219"]
[PlyCount "110"]
[EventDate "2019.07.24"]
[EventRounds "1"]
[EventCountry "FRA"]
[SourceDate "2019.07.24"]

1. Nf3 Nf6 2. g3 g6 3. Bg2 Bg7 4. c4 O-O 5. Nc3 d6 6. d4 Nc6 7. O-O a6 8. h3
Bd7 9. Be3 e5 10. dxe5 dxe5 11. Bg5 h6 12. Bxf6 Bxf6 13. Nd2 Bg7 14. Nde4 Qc8
15. Kh2 b6 16. Nd5 f5 17. Nec3 e4 18. f3 exf3 19. exf3 Qd8 20. f4 Nd4 21. Re1
c6 22. Nb4 Qf6 23. Qd2 Rad8 24. Rad1 Be6 25. Qd3 Qf7 26. Qb1 Bxc4 27. Nxc6 Nxc6
28. Bxc6 b5 29. a3 Bxc3 30. bxc3 Qf6 31. Bg2 Qxc3 32. Qb4 Qxb4 33. axb4 Kf7 34.
Bb7 Rfe8 35. Kg2 Re2+ 36. Kf3 Rxd1 37. Rxd1 Re7 38. Bd5+ Bxd5+ 39. Rxd5 Re4 40.
Rd6 Rxb4 41. Rxa6 Rb3+ 42. Kg2 Rb2+ 43. Kf3 b4 44. Ra7+ Ke6 45. Ra6+ Kd5 46.
Rxg6 Rb3+ 47. Kg2 Rc3 48. Rxh6 Rc6 49. Rh8 Rb6 50. g4 b3 51. Rd8+ Ke4 52. Rd1
fxg4 53. hxg4 b2 54. Rb1 Kxf4 55. Kf2 Kxg4 1/2-1/2

[Event "Festival EFE 2019"]
[Site "Metz"]
[Date "2019.07.25"]
[Round "4.4"]
[White "Adrian, Claude"]
[Black "Pirverdiyev, Agil"]
[Result "1/2-1/2"]
[WhiteElo "2261"]
[BlackElo "2406"]
[PlyCount "57"]
[EventDate "2019.07.24"]
[EventRounds "1"]
[EventCountry "FRA"]
[SourceDate "2019.07.24"]

1. Nf3 d5 2. c4 dxc4 3. e4 Nf6 4. Bxc4 e6 5. Nc3 c5 6. d4 cxd4 7. Nxd4 Bc5 8.
Be3 O-O 9. O-O Qe7 10. Qe2 e5 11. Nc2 Nc6 12. Nd5 Nxd5 13. exd5 Nb8 14. Bxc5
Qxc5 15. Rac1 a6 16. Ne3 Qd6 17. a4 Bd7 18. Bd3 Bxa4 19. Nc4 Qd8 20. Nxe5 Nd7
21. Ng4 Re8 22. Nh6+ gxh6 23. Qg4+ Qg5 24. Qxa4 Nb6 25. Qd4 Qxd5 26. Qxb6 Qxd3
27. Rc3 Re6 28. Qxb7 Qe4 29. Qxe4 1/2-1/2

[Event "Festival EFE 2019"]
[Site "Metz"]
[Date "2019.07.25"]
[Round "4.5"]
[White "Quesada Vera, Liordis"]
[Black "Le Goff, Renan"]
[Result "1-0"]
[WhiteElo "2386"]
[BlackElo "2281"]
[PlyCount "67"]
[EventDate "2019.07.24"]
[EventRounds "1"]
[EventCountry "FRA"]
[SourceDate "2019.07.24"]

1. d4 d5 2. Nf3 Nf6 3. g3 e6 4. Bg2 Be7 5. O-O O-O 6. b3 b5 7. Bb2 a5 8. Ne5
Bb7 9. c4 b4 10. Nd2 Nbd7 11. Qc2 Nxe5 12. dxe5 Ng4 13. h3 Nh6 14. Rad1 Qc8 15.
cxd5 Bxd5 16. e4 Bb7 17. Rfe1 Ba6 18. Bf1 Bxf1 19. Rxf1 Rd8 20. Nc4 Kh8 21. Bc1
Ng8 22. Nb2 f6 23. Nc4 Qa6 24. Bf4 fxe5 25. Nxe5 Rf8 26. Nc6 Qb5 27. Rd7 Bc5
28. Ne5 Nf6 29. Rxc7 Bd4 30. Nf7+ Kg8 31. Nd6 Qh5 32. Qc4 Nd5 33. exd5 Rxf4 34.
gxf4 1-0

[Event "Festival EFE 2019"]
[Site "Metz"]
[Date "2019.07.26"]
[Round "5.1"]
[White "Briet, Antoine"]
[Black "Douriet Douany, Alexis"]
[Result "1-0"]
[WhiteElo "2219"]
[BlackElo "2247"]
[PlyCount "45"]
[EventDate "2019.07.24"]
[EventRounds "1"]
[EventCountry "FRA"]
[SourceDate "2019.07.24"]

1. e4 g6 2. d4 Bg7 3. Nc3 d6 4. f4 Nf6 5. Nf3 O-O 6. Bd3 Nc6 7. e5 dxe5 8. fxe5
Nd5 9. Nxd5 Qxd5 10. c3 Bg4 11. O-O Rad8 12. Qe1 f6 13. exf6 exf6 14. Bf4 Qd7
15. Qg3 Rf7 16. Rae1 Bxf3 17. Rxf3 g5 18. Bxg5 Nxd4 19. Rxf6 Nf3+ 20. Rxf3 Rxf3
21. Bc4+ Rf7 22. Bf6 Kh8 23. Bxd8 1-0

[Event "Festival EFE 2019"]
[Site "Metz"]
[Date "2019.07.26"]
[Round "5.2"]
[White "Ortega, François"]
[Black "Dutreuil, Raphaël"]
[Result "0-1"]
[WhiteElo "2215"]
[BlackElo "2302"]
[PlyCount "90"]
[EventDate "2019.07.24"]
[EventRounds "1"]
[EventCountry "FRA"]
[SourceDate "2019.07.24"]

1. e4 c5 2. Nf3 e6 3. b3 a6 4. Bb2 Nc6 5. g3 Nf6 6. e5 Ng4 7. h3 Nh6 8. Bg2 d5
9. exd6 f6 10. O-O Bxd6 11. Na3 Nf5 12. c3 O-O 13. d4 cxd4 14. Nxd4 Ncxd4 15.
cxd4 Rb8 16. Nc4 b5 17. Nxd6 Qxd6 18. Qd3 Bb7 19. Bxb7 Rxb7 20. Rfe1 Rd7 21.
Qe4 Re8 22. Rad1 Qd5 23. Qxd5 Rxd5 24. g4 Nh4 25. Kf1 Kf7 26. Rc1 Nf3 27. Re2
h5 28. Rc6 a5 29. Ra6 b4 30. Rc2 hxg4 31. hxg4 Nxd4 32. Bxd4 Rxd4 33. g5 Rd5
34. Rc7+ Kg6 35. gxf6 gxf6 36. Rca7 Rd2 37. a3 bxa3 38. Rxa5 Rc8 39. Rxa3 Rcc2
40. b4 Rxf2+ 41. Kg1 Rg2+ 42. Kf1 Rcf2+ 43. Ke1 Rb2 44. Kf1 Rgc2 45. Re3 Rc1+
0-1

[Event "Festival EFE 2019"]
[Site "Metz"]
[Date "2019.07.26"]
[Round "5.3"]
[White "Huesmann, Thomas"]
[Black "Quesada Vera, Liordis"]
[Result "1/2-1/2"]
[WhiteElo "2143"]
[BlackElo "2386"]
[PlyCount "160"]
[EventDate "2019.07.24"]
[EventRounds "1"]
[EventCountry "FRA"]
[SourceDate "2019.07.24"]

1. e4 d6 2. d4 Nf6 3. Nc3 Nbd7 4. f4 e5 5. dxe5 dxe5 6. fxe5 Nxe5 7. Qxd8+ Kxd8
8. Nf3 Bd6 9. Bg5 h6 10. Bh4 Bg4 11. Be2 Bxf3 12. gxf3 Ng6 13. Bxf6+ gxf6 14.
O-O-O Ke8 15. Kb1 Nf4 16. Bc4 Rg8 17. Nd5 Nxd5 18. Bxd5 Rb8 19. h3 Ke7 20. Rdg1
c6 21. Bc4 h5 22. a3 Bf4 23. Bd3 Ke6 24. Bc4+ Ke7 25. Bd3 Rbf8 26. a4 Rg5 27.
Rxg5 fxg5 28. Be2 Rh8 29. Rd1 Rh6 30. c3 Rf6 31. Kc2 Bc7 32. b4 Rf4 33. b5 Rh4
34. bxc6 bxc6 35. Bf1 Rf4 36. Be2 Bb6 37. Ra1 f5 38. a5 Bc7 39. exf5 Rxf5 40.
a6 Bb6 41. Ra4 Kd6 42. Re4 Bf2 43. Ra4 Bg1 44. Ra1 Be3 45. Ra4 Bf2 46. Ra1 Bc5
47. Ra4 Bb6 48. Kd2 Bf2 49. Ra1 Rf4 50. Ra2 Bb6 51. Ke1 Ke5 52. Kf1 g4 53. hxg4
hxg4 54. Kg2 gxf3+ 55. Bxf3 Rc4 56. Ra3 Kf4 57. Be2 Rc5 58. c4 Rg5+ 59. Kh2
Bg1+ 60. Kh1 Be3 61. Kh2 Ke4 62. Kh3 Kf4 63. Ra1 Rg3+ 64. Kh2 Bf2 65. c5 Rg5
66. Ra3 Bg1+ 67. Kh3 Bxc5 68. Rc3 Bb6 69. Rxc6 Rg3+ 70. Kh4 Rg2 71. Rc4+ Ke3
72. Bg4 Ra2 73. Bc8 Ra5 74. Bb7 Kd3 75. Rc8 Be3 76. Rd8+ Ke2 77. Re8 Rf5 78.
Kg4 Rg5+ 79. Kh4 Rg7 80. Bc6 Kf2 1/2-1/2

[Event "Festival EFE 2019"]
[Site "Metz"]
[Date "2019.07.26"]
[Round "5.4"]
[White "Pirverdiyev, Agil"]
[Black "Bedouin, Xavier"]
[Result "1-0"]
[WhiteElo "2406"]
[BlackElo "2326"]
[PlyCount "59"]
[EventDate "2019.07.24"]
[EventRounds "1"]
[EventCountry "FRA"]
[SourceDate "2019.07.24"]

1. e4 Nf6 2. e5 Nd5 3. d4 d6 4. Nf3 dxe5 5. Nxe5 c6 6. c4 Nb4 7. Na3 g6 8. Be2
Bg7 9. Bf4 Nd7 10. Nf3 O-O 11. O-O c5 12. Qd2 Nc6 13. d5 Nce5 14. Nxe5 Nxe5 15.
Qe3 Ng4 16. Bxg4 Bxg4 17. Be5 f6 18. Bc3 Rc8 19. b4 cxb4 20. Bxb4 Re8 21. Qxa7
Be2 22. Rfe1 f5 23. Rab1 Bxc4 24. Nxc4 Rxc4 25. Qxb7 Rd4 26. d6 e5 27. Rbd1
Rxd1 28. Rxd1 Bf6 29. Qd5+ Kg7 30. d7 1-0

[Event "Festival EFE 2019"]
[Site "Metz"]
[Date "2019.07.26"]
[Round "5.5"]
[White "Le Goff, Ronan"]
[Black "Adrian, Claude"]
[Result "1-0"]
[WhiteElo "2281"]
[BlackElo "2261"]
[PlyCount "45"]
[EventDate "2019.07.24"]
[EventRounds "1"]
[EventCountry "FRA"]
[SourceDate "2019.07.24"]

1. d4 d5 2. Bf4 e6 3. e3 Bd6 4. Bg3 c5 5. c3 Nf6 6. Nd2 Qc7 7. dxc5 Qxc5 8.
Ngf3 O-O 9. Bd3 Nbd7 10. e4 e5 11. O-O Re8 12. Re1 dxe4 13. Bxe4 Qc7 14. Bc2
Nf8 15. Nc4 Qxc4 16. Qxd6 e4 17. Ng5 Qb5 18. Nxe4 Nxe4 19. Rxe4 Rxe4 20. Bxe4
Qxb2 21. Rb1 Qxa2 22. Qd8 b6 23. Qd1 1-0

[Event "Festival EFE 2019"]
[Site "Metz"]
[Date "2019.07.26"]
[Round "6.1"]
[White "Dutreuil, Raphaël"]
[Black "Briet, Antoine"]
[Result "1-0"]
[WhiteElo "2302"]
[BlackElo "2219"]
[PlyCount "52"]
[EventDate "2019.07.24"]
[EventRounds "1"]
[EventCountry "FRA"]
[SourceDate "2019.07.24"]

1. d4 Nf6 2. c4 g6 3. Nc3 d5 4. Nf3 Bg7 5. h4 dxc4 6. e4 Bg4 7. Bxc4 Bxf3 8.
gxf3 Nh5 9. Be3 e5 10. Bg5 Qxd4 11. Qa4+ Nc6 12. Rd1 Qc5 13. Bxf7+ Kf8 14. Bb3
h6 15. Be3 Nd4 16. Ne2 Rd8 17. Nxd4 exd4 18. Bd2 Qe7 19. Rg1 Nf6 20. Rxg6 Nxe4
21. Re6 Qxh4 22. Rxe4 Qh1+ 23. Ke2 d3+ 24. Ke3 Qh5 25. Rf4+ Ke7 26. Rf7+ Kd6
1-0

[Event "Festival EFE 2019"]
[Site "Metz"]
[Date "2019.07.26"]
[Round "6.2"]
[White "Bedouin, Xavier"]
[Black "Douriet Duany, Alexis"]
[Result "0-1"]
[WhiteElo "2326"]
[BlackElo "2247"]
[PlyCount "72"]
[EventDate "2019.07.24"]
[EventRounds "1"]
[EventCountry "FRA"]
[SourceDate "2019.07.24"]

1. e4 g6 2. d4 Bg7 3. Nf3 d6 4. Bc4 c6 5. Bb3 Nf6 6. Qe2 O-O 7. O-O Bg4 8. e5
Nd5 9. Nbd2 Nc7 10. h3 Be6 11. c3 Nd7 12. Nc4 Nb6 13. Na5 Bxb3 14. axb3 Rb8 15.
exd6 exd6 16. Bg5 Bf6 17. h4 Ne6 18. Qd2 Re8 19. g3 Nd7 20. d5 cxd5 21. Qxd5
Bxg5 22. hxg5 Ne5 23. Nxb7 Nxf3+ 24. Qxf3 Qb6 25. Na5 Nxg5 26. Qd3 Re6 27. b4
Rbe8 28. Nb3 Qb7 29. Nd4 Re4 30. Qb5 Qe7 31. Qc6 h5 32. Ra6 Re1 33. Rxe1 Qxe1+
34. Kg2 Re5 35. Rxa7 Ne4 36. Qc8+ Kg7 0-1

[Event "Festival EFE 2019"]
[Site "Metz"]
[Date "2019.07.26"]
[Round "6.3"]
[White "Adrian, Claude"]
[Black "Huesmann, Antoine"]
[Result "1-0"]
[WhiteElo "2261"]
[BlackElo "2143"]
[PlyCount "101"]
[EventDate "2019.07.24"]
[EventRounds "1"]
[EventCountry "FRA"]
[SourceDate "2019.07.24"]

1. Nf3 f5 2. d4 Nf6 3. g3 g6 4. Bg2 Bg7 5. O-O O-O 6. c4 d6 7. Nc3 c6 8. d5 e5
9. e4 fxe4 10. Ng5 Bf5 11. Ncxe4 Nxe4 12. Nxe4 Bxe4 13. Bxe4 c5 14. Qg4 Qd7 15.
f3 Qxg4 16. fxg4 Rxf1+ 17. Kxf1 Nd7 18. g5 a5 19. Ke2 Nb6 20. Kd3 Nc8 21. Bd2
Ne7 22. g4 b6 23. a3 Ra7 24. Rf1 Nc8 25. Kc3 Rf7 26. Rxf7 Kxf7 27. Kb3 Ke8 28.
Ka4 Kd7 29. h4 Kc7 30. h5 Ne7 31. Kb5 Kb7 32. b4 axb4 33. axb4 Bf8 34. bxc5
bxc5 35. Be3 Kc7 36. Ka6 Bg7 37. Bd2 Bf8 38. Ba5+ Kd7 39. Kb7 gxh5 40. gxh5 h6
41. g6 Bg7 42. Bg2 Ng8 43. Bh3+ Ke7 44. Kc8 e4 45. Bd8+ Ke8 46. Bd7+ Kf8 47.
Ba4 e3 48. Kd7 Be5 49. Ke6 Kg7 50. Bd1 Kf8 51. Bc7 1-0